C'est la guerre! (Record no. 17851)
[ view plain ]
| 000 -LEADER | |
|---|---|
| fixed length control field | 00633cam a22002291 4500 |
| 001 - CONTROL NUMBER | |
| control field | ca 35000633 |
| 003 - CONTROL NUMBER IDENTIFIER | |
| control field | DLC |
| 005 - DATE AND TIME OF LATEST TRANSACTION | |
| control field | 20260227111138.0 |
| 008 - FIXED-LENGTH DATA ELEMENTS--GENERAL INFORMATION | |
| fixed length control field | 770222s1935 mau 000 0 eng |
| 010 ## - LIBRARY OF CONGRESS CONTROL NUMBER | |
| LC control number | ca 35000633 |
| 035 ## - SYSTEM CONTROL NUMBER | |
| System control number | (OCoLC)2755230 |
| 040 ## - CATALOGING SOURCE | |
| Original cataloging agency | DLC |
| Transcribing agency | MiMarqN |
| Modifying agency | DLC |
| 042 ## - AUTHENTICATION CODE | |
| Authentication code | premarc |
| 050 00 - LIBRARY OF CONGRESS CALL NUMBER | |
| Classification number | PS3545.I6235 |
| Item number | C4 |
| 082 ## - DEWEY DECIMAL CLASSIFICATION NUMBER | |
| Classification number | 812.5 |
| 100 1# - MAIN ENTRY--PERSONAL NAME | |
| Personal name | Wilson, Dorothy Clarke. |
| 245 10 - TITLE STATEMENT | |
| Title | C'est la guerre! |
| Remainder of title | (that's war) a play in one act, |
| Statement of responsibility, etc. | by Dorothy Clarke Wilson. |
| 260 ## - PUBLICATION, DISTRIBUTION, ETC. | |
| Place of publication, distribution, etc. | Boston, |
| Name of publisher, distributor, etc. | Walter H. Baker company |
| Date of publication, distribution, etc. | [c1935] |
| 300 ## - PHYSICAL DESCRIPTION | |
| Extent | 32 p. |
| Dimensions | 19 cm. |
| 500 ## - GENERAL NOTE | |
| General note | Music: p. 31-32. |
| 740 0# - ADDED ENTRY--UNCONTROLLED RELATED/ANALYTICAL TITLE | |
| Uncontrolled related/analytical title | That's war. |
No items available.